000 00808cab a2200265 4500
001 ABS59978
008 090401t1999 xxu||||| |||| 00| 0 eng d
035 _a(Sirsi) u90609
041 _aeng
100 _aLowe, D.
245 _aBrain wave enables client cost prediction
260 _c1999
350 _a0
490 _aCSM
_bChartered Surveyor Monthly
_v8(5) January 1999, 43(1)
520 _aDiscussion of the successful pilot study to predict procurement costs by computer simulation of the human brain.
650 _aBUILDING PROJECTS
650 _aCOMPUTER SIMULATION
650 _aEPSRC
650 _aNEURAL NETWORK SOFTWARE
650 _aPROCUREMENT COSTS
650 _aUMIST
690 _aMANAGEMENT-BUSINESS MANAGEMENT-INFORMATION MANAGEMENT
942 _n0
948 _c08/01/1999
999 _c57460
_d57460